000 00712nam a2200253Ia 4500
003 OSt
005 20221007100240.0
006 a|||||r|||| 00| 0
007 ta
008 221006b |||||||| |||| 00| 0 eng d
024 _a4,088
037 _cTextual
040 _aLCO
_cLCO
_beng
041 _2eng
_aeng
082 _aZ73v, L8
100 _aFRIEDMAN L M
_9701413
245 0 _aAmerican law and the constitutional order
_b Historical perspectives
260 _aCambridge
_bHarvard
_c1978
300 _a521
650 _aAMERICAN CONSTITUTION
_9696280
700 _a SCHEIBER H N
_9701414
942 _hZ73v, L8
_cTEXL
999 _c1173651
_d1173651